| 000 | 00763nam a22001817a 4500 | ||
|---|---|---|---|
| 003 | OSt | ||
| 005 | 20251215105401.0 | ||
| 008 | 251215b |||||||| |||| 00| 0 eng d | ||
| 020 | _a9780674294134 | ||
| 040 | _cn | ||
| 082 | _a728.370973 S78 2023 | ||
| 245 |
_aThe State of Housing Design 2023 / _cedited by Sam Naylor, Daniel D’Oca, Chris Herbert |
||
| 260 | _bCambridge, Massachusetts, United States. Joint Center for Housing Studies at Harvard University. 2023 | ||
| 300 | _a184 pages; 25 cm. | ||
| 650 | _aHousing design — United States Residential architecture — Design & planning Urban planning — United States Social aspects of housing Sustainable architecture | ||
| 700 | _aSam Naylor, Daniel D’Oca, Chris Herbert | ||
| 942 |
_2ddc _cBK-EN _n0 |
||
| 999 |
_c8332 _d8332 |
||